Lizzie demands a seat! : Elizabeth Jennings fights ... Read More
Available copies
- 2 of 2 copies available at LARL/NWRL Consortium.
- 2 of 2 copies available at Lake Agassiz Regional Library. (Show preferred library)
Current holds
0 current holds with 2 total copies.
Show Only Available Copies
| Location | Call Number / Copy Notes | Barcode | Shelving Location | Status | Due Date |
|---|---|---|---|---|---|
| Crookston Public Library | J AND (Text) | 33500013215835 | Main | Available | - |
| Moorhead Public Library | J AND (Text) | 33500013215827 | Main | Available | - |
Record details
- ISBN: 9781629799391
- ISBN: 1629799394
- Physical Description: 1 volume (unpaged) : color illustrations ; 29 cm
- Edition: First edition.
- Publisher: New York : Calkins Creek, an imprint of Boyds Mills & Kane, [2020]
- Copyright: ©2020
Content descriptions
| Bibliography, etc. Note: | Includes bibliographical references. |
| Summary, etc.: | One hundred years before Rosa Parks took her ... Read More |
Search for related items by subject
| Genre: | Picture books for children. Biographies. History. Informational works. Juvenile works. Picture books. Biographies. Picture books. Informational works. |
| LDR | 04535cam a2200877Ii 4500 | ||
|---|---|---|---|
| 001 | 341527 | ||
| 003 | LARL_NWRL_CONSORTIUM | ||
| 005 | 20200214093929.0 | ||
| 008 | 200102t20202020nyua j b 000 0beng | ||
| 010 | . | ‡a 2019939439 | |
| 040 | . | ‡aORX ‡beng ‡erda ‡cORX ‡dBDX ‡dUAP ‡dT3Q ‡dTCH ‡dSZR ‡dOCLCF ‡dLMJ | |
| 020 | . | ‡a9781629799391 | |
| 020 | . | ‡a1629799394 | |
| 035 | . | ‡a(OCoLC)1134620715 | |
| 043 | . | ‡an-us--- | |
| 082 | 0 | 4. | ‡a323.092 ‡aB ‡223 |
| 100 | 1 | . | ‡aAnderson, Beth, ‡d1954- ‡eauthor. |
| 245 | 1 | 0. | ‡aLizzie demands a seat! : ‡bElizabeth Jennings fights for streetcar rights / ‡cBeth Anderson ; illustrated by E.B. Lewis. |
| 250 | . | ‡aFirst edition. | |
| 264 | 1. | ‡aNew York : ‡bCalkins Creek, an imprint of Boyds Mills & Kane, ‡c[2020] | |
| 264 | 4. | ‡c©2020 | |
| 300 | . | ‡a1 volume (unpaged) : ‡bcolor illustrations ; ‡c29 cm | |
| 336 | . | ‡atext ‡btxt ‡2rdacontent | |
| 336 | . | ‡astill image ‡bsti ‡2rdacontent | |
| 337 | . | ‡aunmediated ‡bn ‡2rdamedia | |
| 338 | . | ‡avolume ‡bnc ‡2rdacarrier | |
| 504 | . | ‡aIncludes bibliographical references. | |
| 520 | . | ‡aOne hundred years before Rosa Parks took her stand, Elizabeth "Lizzie" Jennings tried to board a streetcar in New York City on her way to church. Though there were plenty of empty seats, she was denied entry, assaulted, and threatened all because of her race -- even though New York was a free state at that time. Lizzie decided to fight back. She told her story, took her case to court -- where future president Chester Arthur represented her -- and won! Her victory was the first recorded in the fight for equal rights on public transportation, and Lizzie's case set a precedent. | |
| 600 | 1 | 0. | ‡aGraham, Elizabeth Jennings, ‡d1827-1901 ‡vJuvenile literature. |
| 650 | 0. | ‡aAfrican American women ‡zNew York (State) ‡zNew York ‡vBiography ‡vJuvenile literature. | |
| 650 | 0. | ‡aAfrican Americans ‡zNew York (State) ‡zNew York ‡vBiography ‡vJuvenile literature. | |
| 650 | 0. | ‡aCivil rights workers ‡zNew York (State) ‡zNew York ‡vBiography ‡vJuvenile literature. | |
| 650 | 0. | ‡aAfrican Americans ‡xCivil rights ‡zNew York (State) ‡zNew York ‡xHistory ‡y19th century ‡vJuvenile literature. | |
| 650 | 0. | ‡aSegregation in transportation ‡zNew York (State) ‡zNew York ‡xHistory ‡y19th century ‡vJuvenile literature. | |
| 650 | 0. | ‡aAfrican American teachers ‡vBiography ‡vJuvenile literature. | |
| 651 | 0. | ‡aNew York (State) ‡xRace relations ‡vJuvenile literature. | |
| 651 | 0. | ‡aNew York (State) ‡vBiography ‡vJuvenile literature. | |
| 650 | 0. | ‡aIllustrated children's books. ‡0(LARL_NWRL_CONSORTIUM)22716 | |
| 600 | 1 | 1. | ‡aGraham, Elizabeth Jennings, ‡d1827-1901. |
| 650 | 1. | ‡aCivil rights workers. ‡0(LARL_NWRL_CONSORTIUM)16889 | |
| 650 | 1. | ‡aAfrican American women. ‡0(LARL_NWRL_CONSORTIUM)13020 | |
| 650 | 1. | ‡aAfrican American teachers. ‡0(LARL_NWRL_CONSORTIUM)13018 | |
| 650 | 1. | ‡aAfrican Americans. ‡0(LARL_NWRL_CONSORTIUM)13026 | |
| 650 | 1. | ‡aAfrican Americans ‡xCivil rights. ‡0(LARL_NWRL_CONSORTIUM)13028 | |
| 650 | 1. | ‡aSegregation in transportation. ‡0(LARL_NWRL_CONSORTIUM)30574 | |
| 651 | 1. | ‡aNew York (State) ‡xRace relations. | |
| 651 | 1. | ‡aNew York (State) ‡vBiography. ‡0(LARL_NWRL_CONSORTIUM)168704 | |
| 650 | 7. | ‡aJUVENILE FICTION / Social Themes / Prejudice & Racism. ‡2bisacsh | |
| 650 | 7. | ‡aJUVENILE FICTION / People & Places / United States / African American. ‡2bisacsh | |
| 650 | 7. | ‡aJUVENILE FICTION / Historical / United States / Civil War Period (1850-1877). ‡2bisacsh | |
| 650 | 7. | ‡aAfrican American teachers. ‡2fast ‡0(LARL_NWRL_CONSORTIUM)13018 | |
| 650 | 7. | ‡aAfrican American women. ‡2fast ‡0(LARL_NWRL_CONSORTIUM)13020 | |
| 650 | 7. | ‡aAfrican Americans. ‡2fast ‡0(LARL_NWRL_CONSORTIUM)13026 | |
| 650 | 7. | ‡aAfrican Americans ‡xCivil rights. ‡2fast ‡0(LARL_NWRL_CONSORTIUM)13028 | |
| 650 | 7. | ‡aCivil rights workers. ‡2fast ‡0(LARL_NWRL_CONSORTIUM)16889 | |
| 650 | 7. | ‡aIllustrated children's books. ‡2fast ‡0(LARL_NWRL_CONSORTIUM)22716 | |
| 650 | 7. | ‡aRace relations. ‡2fast ‡0(LARL_NWRL_CONSORTIUM)177016 | |
| 650 | 7. | ‡aSegregation in transportation. ‡2fast ‡0(LARL_NWRL_CONSORTIUM)30574 | |
| 651 | 7. | ‡aNew York (State) ‡2fast ‡0(LARL_NWRL_CONSORTIUM)4482 | |
| 651 | 7. | ‡aNew York (State) ‡zNew York. ‡2fast | |
| 648 | 7. | ‡a1800-1899 ‡2fast | |
| 655 | 0. | ‡aPicture books for children. | |
| 655 | 7. | ‡aBiographies. ‡2fast | |
| 655 | 7. | ‡aHistory. ‡2fast | |
| 655 | 7. | ‡aInformational works. ‡2fast | |
| 655 | 7. | ‡aJuvenile works. ‡2fast | |
| 655 | 7. | ‡aPicture books. ‡2fast | |
| 655 | 7. | ‡aBiographies. ‡2lcgft | |
| 655 | 7. | ‡aPicture books. ‡2lcgft | |
| 655 | 7. | ‡aInformational works. ‡2lcgft | |
| 700 | 1 | . | ‡aLewis, Earl B., ‡eillustrator. ‡0(LARL_NWRL_CONSORTIUM)111627 |
| 905 | . | ‡uvanderl | |
| 901 | . | ‡a341527 ‡b ‡c341527 ‡tbiblio ‡soclc | |

Add to basket
Permalink
Disable Highlighting